• 首页
  • 本馆介绍
  • 公告通知
  • 最新文献
  • 馆藏检索
  • 电子资源
  • 读者导购
  • 参考咨询
  • 我的图书馆
  • 登录
  • 详细信息显示
  • 放入我的书架
  • 预约/预借图书
  • 作者相关作品
  • 分类相关作品
  • 丛书相关作品
  • 出版社相关作品

书目信息

  • 表格格式
  • 工作单格式
  • 卡片格式
题名:
计划生育问答
    
 
作者: 河北新医大学第二医院《计划生育问答》编写组 编
分册:  
出版信息: 石家庄   河北人民出版社  1974
页数: 41页
开本: 20cm
丛书名:
单 册:
中图分类: R169.1
科图分类:
主题词: 计划生育 , 计划生育--卫生
电子资源:
ISBN:
000 00791nam0 2200229 450
001 0736163292
005 20070925100433.37
010    @dCNY0.11
091    @a14086.83
100    @a20070925d1974 km y0chiy0120 ea
101 0  @achi
102    @aCN@b130000
102    @aCN@b130000
200 1  @a计划生育问答@Aji hua sheng yu wen da@f河北新医大学第二医院《计划生育问答》编写组编@Fhe bei xin yi da xue di er yi yuan《ji hua sheng yu wen da》bian xie zu bian
210    @a石家庄@c河北人民出版社@d1974
215    @a41页@d20cm
606 0  @a计划生育
606 0  @a计划生育@x卫生
690    @aR169.1@v3
701  0 @a河北新医大学第二医院《计划生育问答》编写组@Ahe bei xin yi da xue di er yi yuan《ji hua sheng yu wen da》bian xie zu@4编
801  0 @aCN@bPFT@c20070925
905    @a10447@dR169.1@e172
    
    计划生育问答/河北新医大学第二医院《计划生育问答》编写组编.-石家庄:河北人民出版社,1974
    41页;20cm
    
    
    ISBN :CNY0.11
    
●
相关链接 在E读中查询图书 在五车中查询图书 在当当中查询图书 在豆瓣中查询图书


正题名:计划生育问答     索取号:R169.1/172         预约/预借

序号 登录号 条形码 馆藏地/架位号 状态 备注
1 0609729   206097294   第二样本阅览室/ [索取号:R169.1/172] 在馆    
唐山师范学院图书馆 欢迎您!
大连网信软件有限公司© 版权所有